00498nam a2200181 a 450000100060000000300090000600800410001502000150005604000280007108200150009910000240011424500390013826000430017730000110022065000380023165000300026965000170029916908CO-ViMGA141112s2004 ck r 000 u spa d a8425419166 aCO-ViMGAbspacCO-ViMGA04a362.4 S8511 aSoulier, Bernadette10aLos discapacitados y la sexualidad aBarcelona (España), cHerder, c1995 a139.p.14aeducación SEXUAL PARA INVALIDOS14aINCAPACITADOS FISICAMENTE14aPARAPLEJICOS